URCs: relying on other bodies to fulfil visions (Record no. 67817)
[ view plain ]
| 000 -LEADER | |
|---|---|
| fixed length control field | 01207cam a2200253 4500 |
| 001 - CONTROL NUMBER | |
| control field | ABS64305 |
| 008 - FIXED-LENGTH DATA ELEMENTS--GENERAL INFORMATION | |
| fixed length control field | 010727n2001 000 0 eng u |
| 035 ## - SYSTEM CONTROL NUMBER | |
| System control number | (Sirsi) u113832 |
| 100 ## - MAIN ENTRY--PERSONAL NAME | |
| Personal name | Kochan, B. |
| 245 ## - TITLE STATEMENT | |
| Title | URCs: relying on other bodies to fulfil visions |
| 260 ## - PUBLICATION, DISTRIBUTION, ETC. | |
| Date of publication, distribution, etc. | 2001 |
| 490 ## - SERIES STATEMENT | |
| Series statement | Urban Environment Today |
| Volume/sequential designation | (125) 5 July 2001, 8-10(2) |
| 520 ## - SUMMARY, ETC. | |
| Summary, etc. | Looks at the prospects of the urban regeneration companies set up in the wake of the Urban Task Force report to spearhead commercial and housing renewal. Acknowledges that the new companies have successfully set up plans incorporating the issues which affect their areas, but argues that the companies rely on the powers of existing public agencies to take their projects foward. At the same time the URCs need greater powers and signicant funding to be able to make a significant difference. Describes URCs in Manchester, Sheffield and and Liverpool. |
| 590 ## - LOCAL NOTE (RLIN) | |
| Local note | ABS |
| 650 ## - SUBJECT ADDED ENTRY--TOPICAL TERM | |
| Topical term or geographic name entry element | URBAN REGENERATION COMPANIES |
| 650 ## - SUBJECT ADDED ENTRY--TOPICAL TERM | |
| Topical term or geographic name entry element | URBAN TASK FORCE |
| 650 ## - SUBJECT ADDED ENTRY--TOPICAL TERM | |
| Topical term or geographic name entry element | MANCHESTER |
| 650 ## - SUBJECT ADDED ENTRY--TOPICAL TERM | |
| Topical term or geographic name entry element | LIVERPOOL |
| 650 ## - SUBJECT ADDED ENTRY--TOPICAL TERM | |
| Topical term or geographic name entry element | SHEFFIELD |
| 650 ## - SUBJECT ADDED ENTRY--TOPICAL TERM | |
| Topical term or geographic name entry element | REGIONAL DEVELOPMENT AGENCIES |
| 690 ## - LOCAL SUBJECT ADDED ENTRY--TOPICAL TERM (OCLC, RLIN) | |
| Topical term or geographic name as entry element | REGENERATION |
| 700 ## - ADDED ENTRY--PERSONAL NAME | |
| Personal name | Chapman, C. |
| 942 ## - ADDED ENTRY ELEMENTS (KOHA) | |
| Suppress in OPAC | 0 |
| Withdrawn status | Lost status | Source of classification or shelving scheme | Damaged status | Not for loan | Home library | Current library | Shelving location | Date acquired | Total Checkouts | Full call number | Barcode | Date last seen | Copy number | Price effective from | Koha item type |
|---|---|---|---|---|---|---|---|---|---|---|---|---|---|---|---|
| Dewey Decimal Classification | London | London | Journal article | 27/07/2001 | ABS64305 | 113832-1001 | 06/08/2019 | 1 | 06/08/2019 | Journal article |